000 00543nam a2200229Ia 4500
003 OSt
005 20220924135906.0
006 a|||||r|||| 00| 0
007 ta
008 220923b |||||||| |||| 00| 0 ben d
024 _a292972
037 _cTextual
040 _aARTS
_cARTS
_bben
041 _2ben
_aben
082 _aO157,1N17,1, J4
100 _aMitra
245 0 _aTimiravisar
260 _c1954
650 _aBENGALI LITERATURE
942 _hO157,1N17,1, J4
_cTEXL
_2CC
999 _c442333
_d442333